000 01085nam2a22002411 4500
001 rc\170987
005 20250621061606.0
035 _a(NLR Aleph) 005616709
090 _a6460763
_c6460763
100 _a20030307d1995 |||y0rusy50 ca
101 0 _arus
102 _aRU
105 _ay |||||||||
200 0 _aВып. 2
210 _d1995
_aБ. м.
215 _a23 с.
320 _aБиблиогр.: с. 22
461 0 _1001rc\170986
_12001#$aОРГАНЫ управления акционерным обществом$eСправ.-информ. пособие$fКом. по упр. имуществом Самар. обл.$g[Сост. Имангулова Ф.Ф. и др.$gРед. Мамигонов В.Г.]$vВып. 2
_96460756
_cСамара
_d1995
_fКом. по упр. имуществом Самар. обл.
_nКн. изд-во
_oСправ.-информ. пособие
_tОРГАНЫ управления акционерным обществом
_vВып. 2
801 0 _aRU
_bNLR
_gpsbo
801 1 _aRU
_bELAR
_2rusmarc
852 _aNLR
_j95-4/11494
942 _cBOOK
980 _aNB